000 00703nam a2200217Ii 4500
003 JO-AjNU
008 230605s9999||||xx |||||||||||||| ||und||
017 _a1980/3674
020 _a977-3006-238-4
040 _aJO-AjNU
_bara
_erda
_cJO-AjNU
041 _aara
050 1 4 _aPJ7565.A43 1980
100 3 _aقاسم،أحمد شوقي,
_eauthor
_914400
245 0 0 _aالمسرح الإسلامي:روافده ومناهجه
264 3 1 _aالقاهرة:دار الفكر العربي،1980
300 _a440ص
336 _atext
_btxt
_2rdacontent
337 _aunmediated
_bn
_2rdamedia
338 _avolume
_bnc
_2rdacarrier
650 4 _a المسرحية العربية-تاريخ ونقد
_914401
999 _aA3831
_c7399
_d7399